|
|
|
|
| LEADER |
00000naa2a2200000 4500 |
| 001 |
180090 |
| 005 |
20231031170634.0 |
| 035 |
|
|
|a (RuTPU)RU\TPU\book\195225
|
| 090 |
|
|
|a 180090
|
| 100 |
|
|
|a 20100506d2007 k y0rusy50 ca
|
| 101 |
0 |
|
|a rus
|
| 102 |
|
|
|a RU
|
| 200 |
1 |
|
|a Повышение качественных характеристик буровых растворов гидромеханическим диспергированием
|f В. А. Геворгян
|g науч. рук. В. Д. Евсеев, Р. Л. Антончик
|
| 463 |
|
1 |
|0 (RuTPU)RU\TPU\book\140171
|y 5-89503-079-3
|t Проблемы геологии и освоения недр
|o [сборник]
|o труды XI международного симпозиума имени академика М. А. Усова студентов и молодых учёных, посвященного 80-летию академика, Президента международного горного конгресса, Лауреата государственной премии СССР М. И. Щадову
|f Томский политехнический университет (ТПУ), Институт геологии и нефтегазового дела
|v С. 461-462
|d 2007
|p 764 с.
|
| 610 |
1 |
|
|a буровые растворы
|
| 610 |
1 |
|
|a качество
|
| 610 |
1 |
|
|a гидромеханическое диспергирование
|
| 610 |
1 |
|
|a диспергирование
|
| 610 |
1 |
|
|a глинопорошки
|
| 610 |
1 |
|
|a труды учёных ТПУ
|
| 700 |
|
1 |
|a Геворгян
|b В. А.
|
| 702 |
|
1 |
|a Евсеев
|b В. Д.
|c горный инженер
|c профессор Томского политехнического университета
|f 1947-
|g Виктор Дмитриевич
|2 stltpush
|4 727
|
| 702 |
|
1 |
|a Антончик
|b Р. Л.
|4 727
|
| 801 |
|
1 |
|a RU
|b 63413507
|c 20100506
|
| 801 |
|
2 |
|a RU
|b 63413507
|c 20130321
|g RCR
|
| 942 |
|
|
|c BK
|